[Event "EU-ch (Men) 11th"]
[Site "Rijeka"]
[Date "2010.03.08"]
[Round "3.26"]
[White "Howell, David"]
[Black "Skoberne, Jure"]
[Result "0-1"]
[WhiteElo "2612"]
[BlackElo "2509"]
[PlyCount "130"]
[EventDate "2010.03.06"]
[EventType "swiss"]
[EventRounds "11"]
[EventCountry "CRO"]
[SourceDate "2010.03.06"]

1. e4 d6 2. d4 Nf6 3. Nc3 g6 4. h3 Nbd7 5. g4 e5 6. Be3 Bg7 7. Nge2 exd4 8.
Bxd4 b6 9. Ng3 O-O 10. g5 Ne8 11. h4 Bb7 12. Qd2 Ne5 13. Be2 c5 14. Be3 d5 15.
Nxd5 Nd6 16. O-O-O Nec4 17. Bxc4 Nxc4 18. Qe2 Bxb2+ 19. Kb1 Ba6 20. Bc1 Na3+
21. Kxb2 Bxe2 22. Nxe2 Nc4+ 23. Kc3 Nd6 24. Nf6+ Qxf6+ 25. gxf6 Nxe4+ 26. Kc4
Nxf2 27. Nc3 Nxh1 28. Rxh1 Rfd8 29. h5 Rd4+ 30. Kb3 Re8 31. hxg6 hxg6 32. Bh6
Re5 33. Bg7 Rh5 34. Re1 g5 35. Ne4 Kh7 36. c3 Rd5 37. Ng3 Rh3 38. Kc4 Rd8 39.
Nf5 Kg6 40. Ne7+ Kh5 41. Nc6 Rd6 42. Ne5 Rh4+ 43. Kb5 Re6 44. a4 g4 45. a5 g3
46. axb6 axb6 47. Bf8 Rh2 48. Rg1 Rb2+ 49. Ka6 Rxe5 50. Rxg3 Rg5 51. Rd3 Kg6
52. Be7 Rb3 53. Rd8 Rxc3 54. Kxb6 c4 55. Rg8+ Kf5 56. Rc8 Kg6 57. Rg8+ Kh5 58.
Rh8+ Kg4 59. Rc8 Rb3+ 60. Kc6 Rd3 61. Kb6 Rb3+ 62. Kc6 c3 63. Kd7 Kf5 64. Rc4
Rg2 65. Ke8 Kg6 0-1

[Event "EU-ch (Men) 11th"]
[Site "Rijeka"]
[Date "2010.03.08"]
[Round "3.27"]
[White "Bacrot, Etienne"]
[Black "Hovhannisyan, Robert"]
[Result "1/2-1/2"]
[WhiteElo "2714"]
[BlackElo "2498"]
[PlyCount "53"]
[EventDate "2010.03.06"]
[EventType "swiss"]
[EventRounds "11"]
[EventCountry "CRO"]
[SourceDate "2010.03.06"]

1. d4 d5 2. c4 c6 3. Nf3 Nf6 4. Qc2 dxc4 5. Qxc4 Bf5 6. g3 e6 7. Bg2 Be7 8. O-O
Nbd7 9. Nc3 O-O 10. Re1 Bg6 11. Qb3 Qb6 12. e4 Qxb3 13. axb3 Bb4 14. Nh4 e5 15.
Nxg6 fxg6 16. dxe5 Nxe5 17. h3 Nd3 18. Re3 Nxc1 19. Rxc1 Nd7 20. e5 Rfe8 21.
Rd1 Nxe5 22. Rde1 Bd6 23. Ne4 Bb4 24. Nc3 Bd6 25. b4 Kf8 26. b5 Nc4 27. Rxe8+
1/2-1/2

[Event "EU-ch (Men) 11th"]
[Site "Rijeka"]
[Date "2010.03.08"]
[Round "3.28"]
[White "Golod, Vitali"]
[Black "Almasi, Zoltan"]
[Result "1/2-1/2"]
[WhiteElo "2590"]
[BlackElo "2720"]
[PlyCount "35"]
[EventDate "2010.03.06"]
[EventType "swiss"]
[EventRounds "11"]
[EventCountry "CRO"]
[SourceDate "2010.03.06"]

1. d4 Nf6 2. c4 e6 3. Nc3 Bb4 4. Qc2 O-O 5. a3 Bxc3+ 6. Qxc3 d5 7. Nf3 dxc4 8.
Qxc4 b6 9. Bg5 Ba6 10. Qa4 c5 11. dxc5 bxc5 12. Rd1 Qb6 13. Bxf6 gxf6 14. Rd2
Nc6 15. Qg4+ Kh8 16. Qh4 Kg7 17. Qg4+ Kh8 18. Qh4 1/2-1/2

[Event "EU-ch (Men) 11th"]
[Site "Rijeka"]
[Date "2010.03.08"]
[Round "3.29"]
[White "Pantsulaia, Levan"]
[Black "Movsesian, Sergei"]
[Result "1/2-1/2"]
[WhiteElo "2588"]
[BlackElo "2709"]
[PlyCount "120"]
[EventDate "2010.03.06"]
[EventType "swiss"]
[EventRounds "11"]
[EventCountry "CRO"]
[SourceDate "2010.03.06"]

1. d4 Nf6 2. c4 e6 3. Nf3 d5 4. Nc3 dxc4 5. e4 Bb4 6. Bg5 h6 7. Bxf6 Qxf6 8.
Bxc4 c5 9. O-O cxd4 10. e5 Qd8 11. Bb5+ Bd7 12. Qxd4 Bxc3 13. Bxd7+ Nxd7 14.
Qxc3 Nb6 15. Rfd1 Nd5 16. Qa3 Qe7 17. Qa4+ Qd7 18. Qa3 Qe7 19. Qa4+ Kf8 20. h4
g6 21. h5 gxh5 22. Rd4 a6 23. Rh4 b5 24. Qc2 Kg7 25. Rxh5 Rac8 26. Qe4 Qb4 27.
Nd4 Qxb2 28. Rd1 Rc1 29. Qg4+ Kf8 30. Nxe6+ fxe6 31. Qxe6 Rxd1+ 32. Kh2 Rh1+
33. Kxh1 Qc1+ 34. Kh2 Qf4+ 35. Kh1 Ne7 36. Rh3 Qc1+ 37. Kh2 Ke8 38. Qxa6 Qf4+
39. Kh1 Qc1+ 40. Kh2 Qc6 41. Qxc6+ Nxc6 42. Rb3 Rf8 43. Kg3 Nd4 44. Rb4 Ne2+
45. Kh3 Rf5 46. Rxb5 Rh5+ 47. Kg4 Rg5+ 48. Kh4 Rxg2 49. Rb6 Nd4 50. Rf6 Rg1 51.
a4 Rh1+ 52. Kg3 h5 53. a5 Rg1+ 54. Kh4 Rh1+ 55. Kg3 Ke7 56. a6 Rg1+ 57. Kh4
Rh1+ 58. Kg3 h4+ 59. Kg2 Ra1 60. Rf4 Nc6 1/2-1/2

[Event "EU-ch (Men) 11th"]
[Site "Rijeka"]
[Date "2010.03.08"]
[Round "3.30"]
[White "Tomashevsky, Evgeny"]
[Black "Zhigalko, Andrey"]
[Result "1/2-1/2"]
[WhiteElo "2701"]
[BlackElo "2587"]
[PlyCount "87"]
[EventDate "2010.03.06"]
[EventType "swiss"]
[EventRounds "11"]
[EventCountry "CRO"]
[SourceDate "2010.03.06"]

1. c4 Nf6 2. Nc3 c5 3. g3 e6 4. Nf3 b6 5. Bg2 Bb7 6. O-O Be7 7. d4 cxd4 8. Qxd4
d6 9. Rd1 a6 10. Be3 Nbd7 11. Qd2 O-O 12. Bf4 Ne8 13. Rac1 Rc8 14. b3 Nc5 15.
Ng5 Bxg2 16. Kxg2 Rc6 17. f3 Nb7 18. Nge4 Qd7 19. Bg5 h6 20. Bxe7 Qxe7 21. Qd4
Nf6 22. Nxf6+ Qxf6 23. Qxf6 gxf6 24. e4 Rfc8 25. Ne2 Rc5 26. g4 Kf8 27. Kg3 Ke7
28. Nf4 R5c7 29. Ne2 Rc5 30. h3 h5 31. Nf4 hxg4 32. hxg4 R5c7 33. Ne2 Na5 34.
Rh1 Nc6 35. Rcd1 b5 36. cxb5 axb5 37. Rc1 Nb4 38. Rxc7+ Rxc7 39. a3 Nc2 40. Rc1
Kd8 41. Rd1 Nxa3 42. Rxd6+ Rd7 43. Rxd7+ Kxd7 44. Nc1 1/2-1/2

[Event "EU-ch (Men) 11th"]
[Site "Rijeka"]
[Date "2010.03.08"]
[Round "3.33"]
[White "Rakhmanov, Alexander"]
[Black "Volokitin, Andrei"]
[Result "1/2-1/2"]
[WhiteElo "2584"]
[BlackElo "2687"]
[PlyCount "125"]
[EventDate "2010.03.06"]
[EventType "swiss"]
[EventRounds "11"]
[EventCountry "CRO"]
[SourceDate "2010.03.06"]

1. d4 Nf6 2. c4 e6 3. Nc3 Bb4 4. e3 b6 5. f3 c5 6. d5 O-O 7. Nge2 b5 8. dxe6
fxe6 9. cxb5 d5 10. Bd2 d4 11. exd4 cxd4 12. Ne4 Bxd2+ 13. Nxd2 a6 14. Qa4 e5
15. Ng3 Kh8 16. Bd3 Nbd7 17. Qa3 Qb6 18. Rc1 Bb7 19. Nc4 Qd8 20. Nd6 axb5 21.
Nxb7 Qb6 22. Qd6 Qxb7 23. Rc7 Qb6 24. Rxd7 Nxd7 25. Qxd7 Qh6 26. Nf5 Qc1+ 27.
Kf2 Qd2+ 28. Be2 Qg5 29. g4 Rad8 30. h4 Qf6 31. Qe7 Qxe7 32. Nxe7 e4 33. Nc6
Rd6 34. Nb4 d3 35. Bd1 exf3 36. a3 d2 37. Rh3 Re6 38. Nc2 h5 39. g5 Rfe8 40.
Rxf3 Re1 41. Ne3 g6 42. Bb3 Kg7 43. Rf7+ Kh8 44. Nd1 Rh1 45. Rf4 Ree1 46. Rd4
Rhf1+ 47. Kg3 Rxd1 48. Bxd1 Rxd1 49. Kf3 Rh1 50. Rxd2 Rxh4 51. Rd8+ Kg7 52. Rb8
b4 53. axb4 Kf7 54. b5 Rb4 55. Rb6 Rxb2 56. Rf6+ Kg7 57. b6 Rb4 58. Rc6 Kf7 59.
Ke3 h4 60. Kf3 Rb3+ 61. Kg4 h3 62. Rc7+ Kg8 63. Rc8+ 1/2-1/2

[Event "EU-ch (Men) 11th"]
[Site "Rijeka"]
[Date "2010.03.08"]
[Round "3.34"]
[White "Sargissian, Gabriel"]
[Black "Gagunashvili, Merab"]
[Result "1-0"]
[WhiteElo "2675"]
[BlackElo "2582"]
[PlyCount "57"]
[EventDate "2010.03.06"]
[EventType "swiss"]
[EventRounds "11"]
[EventCountry "CRO"]
[SourceDate "2010.03.06"]

1. d4 d6 2. Nf3 g6 3. c4 Bg7 4. Nc3 Bg4 5. e3 Nf6 6. h3 Bf5 7. g4 Bd7 8. e4 O-O
9. Be3 Na6 10. Be2 c5 11. d5 Nc7 12. a4 b6 13. Qd2 a6 14. e5 Nfe8 15. Bh6 b5
16. Bxg7 Kxg7 17. b3 bxc4 18. Bxc4 e6 19. Rd1 exd5 20. Nxd5 Bc6 21. O-O Nxd5
22. Bxd5 Rc8 23. Qc3 f6 24. Bxc6 Rxc6 25. Nd4 cxd4 26. exf6+ Nxf6 27. Qxc6 h5
28. Rxd4 hxg4 29. Qxd6 1-0

[Event "EU-ch (Men) 11th"]
[Site "Rijeka"]
[Date "2010.03.08"]
[Round "3.35"]
[White "Halkias, Stelios"]
[Black "Fressinet, Laurent"]
[Result "1-0"]
[WhiteElo "2580"]
[BlackElo "2670"]
[PlyCount "103"]
[EventDate "2010.03.06"]
[EventType "swiss"]
[EventRounds "11"]
[EventCountry "CRO"]
[SourceDate "2010.03.06"]

1. d4 Nf6 2. Nf3 d5 3. c4 e6 4. Nc3 dxc4 5. e4 Bb4 6. Bxc4 Nxe4 7. O-O Nf6 8.
Qa4+ Nc6 9. Ne5 Rb8 10. Nxc6 bxc6 11. Qxc6+ Qd7 12. Qxd7+ Bxd7 13. Bg5 O-O 14.
Rfc1 Ba5 15. Rab1 Rfd8 16. Bb3 Bc6 17. Rd1 Rd7 18. Rbc1 h6 19. Be3 Bb6 20. h3
Rbd8 21. Ne2 Bb5 22. Nc3 c6 23. a4 Ba6 24. Na2 Bb7 25. Nb4 Rd6 26. Nd3 Bxd4 27.
Bf4 R6d7 28. Ne5 Bxe5 29. Bxe5 Nd5 30. a5 f6 31. Bg3 Kf7 32. Re1 Rc8 33. Bc4 a6
34. Rcd1 g5 35. Be2 c5 36. Bh5+ Ke7 37. Rxe6+ Kxe6 38. Re1+ Kf5 39. Bh2 g4 40.
Bxg4+ Kg6 41. Bxd7 Rd8 42. Be8+ Kg7 43. Bh5 c4 44. Bg4 Bc6 45. Bg3 Kg6 46. Rd1
Re8 47. Rd4 h5 48. Bf3 Nb4 49. Rxc4 Re1+ 50. Kh2 Bxf3 51. Rxb4 Bc6 52. Rb6 1-0

[Event "EU-ch (Men) 11th"]
[Site "Rijeka"]
[Date "2010.03.08"]
[Round "3.37"]
[White "Arutinian, David"]
[Black "Grachev, Boris"]
[Result "0-1"]
[WhiteElo "2576"]
[BlackElo "2667"]
[PlyCount "120"]
[EventDate "2010.03.06"]
[EventType "swiss"]
[EventRounds "11"]
[EventCountry "CRO"]
[SourceDate "2010.03.06"]

1. d4 d5 2. c4 c6 3. Nf3 Nf6 4. e3 Bf5 5. Nc3 e6 6. Nh4 Be4 7. f3 Bg6 8. Qb3
Qc7 9. Bd2 Be7 10. Rc1 Nbd7 11. g3 dxc4 12. Bxc4 a6 13. a4 Rd8 14. e4 Qb8 15.
Be3 O-O 16. O-O e5 17. dxe5 Bc5 18. Bxc5 Nxc5 19. Qc2 Qxe5 20. Rcd1 b5 21. Ba2
Nxa4 22. Nxa4 bxa4 23. Qxc6 Qxb2 24. Nxg6 Rxd1 25. Rxd1 hxg6 26. Qxa4 Rc8 27.
Qb3 Qe2 28. Bb1 a5 29. Qd3 Qb2 30. Re1 a4 31. e5 Rc1 32. Rxc1 Qxc1+ 33. Kf2
Qb2+ 34. Qc2 Qd4+ 35. Kg2 Qxe5 36. Ba2 a3 37. Qc4 Kh7 38. g4 Qb2+ 39. Kg3 Qe5+
40. Kg2 Qb2+ 41. Kg3 Qb8+ 42. Qf4 Qxf4+ 43. Kxf4 Kg8 44. Ke5 Kf8 45. Kd6 g5 46.
h3 Ke8 47. Kc5 Nd7+ 48. Kb4 Ne5 49. Kxa3 Nxf3 50. Bc4 Ng1 51. Bf1 Ke7 52. Kb4
Kd6 53. Kc4 Ke5 54. Kc5 g6 55. Kc6 f5 56. gxf5 gxf5 57. Kd7 f4 58. Ke7 f3 59.
Kf7 Kf4 60. Kg6 Nxh3 0-1

[Event "EU-ch (Men) 11th"]
[Site "Rijeka"]
[Date "2010.03.08"]
[Round "3.38"]
[White "Ragger, Markus"]
[Black "Meier, Georg"]
[Result "1-0"]
[WhiteElo "2572"]
[BlackElo "2663"]
[PlyCount "75"]
[EventDate "2010.03.06"]
[EventType "swiss"]
[EventRounds "11"]
[EventCountry "CRO"]
[SourceDate "2010.03.06"]

1. e4 e6 2. d4 d5 3. Nc3 dxe4 4. Nxe4 Nd7 5. Nf3 Ngf6 6. Nxf6+ Nxf6 7. c3 c5 8.
Be3 Qc7 9. Ne5 a6 10. Qa4+ Nd7 11. Bb5 cxd4 12. Bxd7+ Bxd7 13. Qxd4 Bb5 14. a4
Bd6 15. Nxf7 Kxf7 16. axb5 axb5 17. Ke2 Qc6 18. Rhd1 Rxa1 19. Rxa1 b4 20. Rd1
Rd8 21. Qb6 Qc4+ 22. Ke1 Bc7 23. Qxb7 Rxd1+ 24. Kxd1 bxc3 25. b3 Qd5+ 26. Qxd5
exd5 27. Bd4 Bxh2 28. g3 Bg1 29. Ke2 c2 30. Be3 d4 31. Bc1 Ke6 32. Kf1 Bh2 33.
Kg2 Kd5 34. Kxh2 Ke4 35. Kg2 Kd3 36. Kf1 Kc3 37. Ke2 h5 38. f4 1-0

[Event "EU-ch (Men) 11th"]
[Site "Rijeka"]
[Date "2010.03.08"]
[Round "3.39"]
[White "Berkes, Ferenc"]
[Black "Sedlak, Nikola"]
[Result "1/2-1/2"]
[WhiteElo "2659"]
[BlackElo "2570"]
[PlyCount "38"]
[EventDate "2010.03.06"]
[EventType "swiss"]
[EventRounds "11"]
[EventCountry "CRO"]
[SourceDate "2010.03.06"]

1. c4 Nf6 2. Nc3 g6 3. e4 d6 4. d4 Bg7 5. Nf3 O-O 6. Be2 e5 7. O-O c6 8. Be3
exd4 9. Bxd4 Qe7 10. Qc2 Nbd7 11. Rfe1 Bh6 12. b4 b6 13. Rad1 c5 14. bxc5 bxc5
15. Bxf6 Nxf6 16. Bf1 Bg4 17. Qd3 Rfd8 18. h3 Bxf3 19. Qxf3 Rab8 1/2-1/2

[Event "EU-ch (Men) 11th"]
[Site "Rijeka"]
[Date "2010.03.08"]
[Round "3.41"]
[White "Khismatullin, Denis"]
[Black "Svetushkin, Dmitry"]
[Result "1-0"]
[WhiteElo "2657"]
[BlackElo "2554"]
[PlyCount "53"]
[EventDate "2010.03.06"]
[EventType "swiss"]
[EventRounds "11"]
[EventCountry "CRO"]
[SourceDate "2010.03.06"]

1. c4 Nf6 2. Nc3 e5 3. g3 Bb4 4. Bg2 Bxc3 5. bxc3 O-O 6. d3 Re8 7. Nh3 c6 8.
O-O h6 9. f4 e4 10. Nf2 exd3 11. e4 d6 12. Qxd3 Na6 13. Ba3 Nc5 14. Qd4 b6 15.
Rad1 Bg4 16. Nxg4 Nxg4 17. h3 Nf6 18. e5 dxe5 19. fxe5 Nfd7 20. Bxc5 Nxc5 21.
Bxc6 Rc8 22. Bxe8 Qxe8 23. h4 Qe6 24. Qd5 Qg6 25. Qf3 Ne4 26. Kg2 Nc5 27. Rd6
1-0

[Event "EU-ch (Men) 11th"]
[Site "Rijeka"]
[Date "2010.03.08"]
[Round "3.42"]
[White "Pashikian, Arman"]
[Black "Zelcic, Robert"]
[Result "0-1"]
[WhiteElo "2652"]
[BlackElo "2547"]
[PlyCount "92"]
[EventDate "2010.03.06"]
[EventType "swiss"]
[EventRounds "11"]
[EventCountry "CRO"]
[SourceDate "2010.03.06"]

1. d4 Nf6 2. Nf3 e6 3. c4 Bb4+ 4. Nbd2 b6 5. a3 Bxd2+ 6. Qxd2 Bb7 7. e3 O-O 8.
Be2 Ne4 9. Qc2 f5 10. O-O Rf6 11. b4 d6 12. Bb2 Rg6 13. d5 exd5 14. Nd4 Qg5 15.
g3 c5 16. bxc5 dxc5 17. Nf3 Qe7 18. cxd5 Nd7 19. Rad1 Nd6 20. Qa4 b5 21. Qb3 a5
22. Rfe1 a4 23. Qc2 Re8 24. h4 h6 25. Bf1 Qf7 26. Qd2 Rg4 27. Ba1 Rge4 28. Bg2
Nb6 29. Qc3 Ndc4 30. d6 Nd5 31. Qc1 R4e6 32. Nd2 Ndxe3 33. fxe3 Nxe3 34. Rxe3
Rxe3 35. d7 Qxd7 36. Nf1 Re2 37. Ne3 Qc7 38. Bxb7 Qxb7 39. Nd5 Qxd5 40. Rxd5
Re1+ 41. Qxe1 Rxe1+ 42. Kf2 Rxa1 43. Rxc5 Ra2+ 44. Kf1 Rxa3 45. Rxb5 Rxg3 46.
Rxf5 Rg4 0-1

[Event "EU-ch (Men) 11th"]
[Site "Rijeka"]
[Date "2010.03.08"]
[Round "3.46"]
[White "Zvjaginsev, Vadim"]
[Black "Brkic, Ante"]
[Result "1-0"]
[WhiteElo "2643"]
[BlackElo "2543"]
[PlyCount "171"]
[EventDate "2010.03.06"]
[EventType "swiss"]
[EventRounds "11"]
[EventCountry "CRO"]
[SourceDate "2010.03.06"]

1. c4 Nf6 2. Nc3 e5 3. Nf3 Nc6 4. g3 d5 5. cxd5 Nxd5 6. Bg2 Nb6 7. O-O Be7 8.
b3 O-O 9. Bb2 Be6 10. Rc1 f6 11. Ne4 Bd5 12. Nc5 Bxc5 13. Rxc5 a5 14. Qb1 a4
15. Rfc1 axb3 16. axb3 Bxb3 17. d4 Ba2 18. Qd3 exd4 19. Nxd4 Na4 20. Nxc6 bxc6
21. R5c2 Qxd3 22. exd3 Bb3 23. Re2 Nxb2 24. Rxb2 Bf7 25. Bxc6 Rad8 26. Bb5 Rb8
27. Rxc7 Rfd8 28. Rc5 Kf8 29. Rbc2 Bd5 30. f4 Bb3 31. R2c3 Rd5 32. Rxd5 Bxd5
33. Rc5 Bb3 34. Kf2 Ke7 35. Ke3 Kd6 36. Kd4 Rb6 37. g4 h6 38. h4 Be6 39. g5
fxg5 40. fxg5 hxg5 41. hxg5 Bf7 42. Re5 Be6 43. Bc4 Bd7 44. Ra5 Bc6 45. Ra7 Bb7
46. Ra1 Bc6 47. Rf1 Rb7 48. Rf8 Re7 49. Rf5 Re1 50. Rf7 Re7 51. Rf8 Re8 52. Rf5
Re1 53. Ra5 Rg1 54. Bf7 Rg4+ 55. Kc3 Rg3 56. Kc4 Rg1 57. g6 Rg4+ 58. d4 Rg1 59.
Ra6 Rc1+ 60. Kb4 Rb1+ 61. Kc3 Kd7 62. Bb3 Bb7 63. Ra7 Kc8 64. Bf7 Rb6 65. Ra5
Be4 66. Rg5 Kd7 67. Kd2 Rf6 68. Ke3 Bf5 69. Rg1 Bc2 70. d5 Kd6 71. Rc1 Bf5 72.
Kd4 Bd7 73. Ra1 Rf4+ 74. Ke3 Rg4 75. Kf3 Bf5 76. Ra8 Ke5 77. Re8+ Kf6 78. Ke3
Rb4 79. Ra8 Bxg6 80. Bxg6 Kxg6 81. d6 Rb7 82. Ke4 Kf6 83. Kd5 Rb1 84. d7 Rd1+
85. Kc6 Rc1+ 86. Kb5 1-0

[Event "EU-ch (Men) 11th"]
[Site "Rijeka"]
[Date "2010.03.08"]
[Round "3.47"]
[White "Babula, Vlastimil"]
[Black "Postny, Evgeny"]
[Result "1/2-1/2"]
[WhiteElo "2554"]
[BlackElo "2641"]
[PlyCount "40"]
[EventDate "2010.03.06"]
[EventType "swiss"]
[EventRounds "11"]
[EventCountry "CRO"]
[SourceDate "2010.03.06"]

1. d4 d5 2. c4 c6 3. Nf3 Nf6 4. Nc3 dxc4 5. a4 e6 6. e3 c5 7. Bxc4 cxd4 8. exd4
Be7 9. O-O Nc6 10. Re1 O-O 11. Bg5 Bd7 12. Qe2 Nb4 13. Ne5 Rc8 14. Rad1 Nfd5
15. Nxd5 Nxd5 16. Bxd5 Bxg5 17. Bxb7 Bxa4 18. Bxc8 Bxd1 19. Qxd1 Qxc8 20. d5
exd5 1/2-1/2

[Event "EU-ch (Men) 11th"]
[Site "Rijeka"]
[Date "2010.03.08"]
[Round "3.48"]
[White "Predojevic, Borki"]
[Black "Gdanski, Jacek"]
[Result "1/2-1/2"]
[WhiteElo "2639"]
[BlackElo "2527"]
[PlyCount "93"]
[EventDate "2010.03.06"]
[EventType "swiss"]
[EventRounds "11"]
[EventCountry "CRO"]
[SourceDate "2010.03.06"]

1. e4 e6 2. d4 d5 3. Nc3 Bb4 4. e5 Ne7 5. a3 Bxc3+ 6. bxc3 c5 7. h4 Qa5 8. Bd2
Nbc6 9. Nf3 Bd7 10. h5 h6 11. Rb1 Qc7 12. Rh4 c4 13. Rf4 g5 14. hxg6 fxg6 15.
Rh4 Ng8 16. Qc1 O-O-O 17. Be2 Qa5 18. Kf1 Rf8 19. Kg1 b6 20. Qb2 Rf7 21. Ng5
Rf8 22. Nf3 Rf7 23. Ng5 Rf8 24. Nf3 Rh7 25. Rf1 Rff7 26. Qc1 g5 27. Rh1 Nce7
28. Ne1 Rhg7 29. g3 Nf5 30. Ng2 Rf8 31. g4 Nfe7 32. f4 gxf4 33. Nxf4 Kb7 34.
Kg2 b5 35. Nh5 Rgf7 36. Rxf7 Rxf7 37. Rh3 Be8 38. Nf4 Bd7 39. Nh5 Qa4 40. Rf3
Rxf3 41. Bxf3 Be8 42. Ng7 Bd7 43. Kg3 Qa5 44. Qb2 Nc6 45. Be3 Qb6 46. Qc1 a5
47. Nh5 1/2-1/2

[Event "EU-ch (Men) 11th"]
[Site "Rijeka"]
[Date "2010.03.08"]
[Round "3.49"]
[White "Kobalia, Mihail"]
[Black "Narciso Dublan, Marc"]
[Result "1/2-1/2"]
[WhiteElo "2637"]
[BlackElo "2530"]
[PlyCount "97"]
[EventDate "2010.03.06"]
[EventType "swiss"]
[EventRounds "11"]
[EventCountry "CRO"]
[SourceDate "2010.03.06"]

1. e4 Nf6 2. e5 Nd5 3. d4 d6 4. Nf3 Nc6 5. c4 Nb6 6. e6 fxe6 7. Nc3 g6 8. h4
Bg7 9. Be3 O-O 10. h5 e5 11. d5 Nd4 12. Nxd4 exd4 13. Bxd4 Bxd4 14. Qxd4 e5 15.
dxe6 Qf6 16. O-O-O Bxe6 17. hxg6 hxg6 18. f3 Kg7 19. Nb5 Bg8 20. b3 Qxd4 21.
Rxd4 d5 22. cxd5 Nxd5 23. Bc4 c6 24. Bxd5 Bxd5 25. Nc7 Rac8 26. Nxd5 cxd5+ 27.
Kd2 Rc5 28. Rc1 Rxc1 29. Kxc1 Rd8 30. Kd2 Kf6 31. Kd3 Ke5 32. Rg4 Rd6 33. g3
Ra6 34. Ra4 Rxa4 35. bxa4 b6 36. Kc3 g5 37. Kd3 Kd6 38. Kd4 Ke6 39. Kd3 Ke5 40.
Ke3 Kf5 41. Kd4 Ke6 42. f4 gxf4 43. gxf4 Kf5 44. Kxd5 Kxf4 45. Kc6 Ke5 46. Kb7
Kd6 47. Kxa7 Kc7 48. a3 Kc8 49. Ka8 1/2-1/2

[Event "EU-ch (Men) 11th"]
[Site "Rijeka"]
[Date "2010.03.08"]
[Round "3.50"]
[White "Landa, Konstantin"]
[Black "Jovanovic, Zoran"]
[Result "1/2-1/2"]
[WhiteElo "2635"]
[BlackElo "2526"]
[PlyCount "33"]
[EventDate "2010.03.06"]
[EventType "swiss"]
[EventRounds "11"]
[EventCountry "CRO"]
[SourceDate "2010.03.06"]

1. d4 Nf6 2. c4 d6 3. Nc3 g6 4. e4 Bg7 5. Nge2 O-O 6. Ng3 e5 7. d5 a5 8. Be2
Na6 9. Bg5 h6 10. Be3 h5 11. Bg5 Qe8 12. Qd2 Nh7 13. Be3 Qe7 14. O-O-O h4 15.
Nf1 f5 16. f3 b6 17. Rg1 1/2-1/2

[Event "EU-ch (Men) 11th"]
[Site "Rijeka"]
[Date "2010.03.08"]
[Round "3.51"]
[White "Parligras, Mircea"]
[Black "Papaioannou, Ioannis"]
[Result "1/2-1/2"]
[WhiteElo "2551"]
[BlackElo "2630"]
[PlyCount "174"]
[EventDate "2010.03.06"]
[EventType "swiss"]
[EventRounds "11"]
[EventCountry "CRO"]
[SourceDate "2010.03.06"]

1. e4 c5 2. Nf3 d6 3. d4 cxd4 4. Nxd4 Nf6 5. Nc3 a6 6. Be3 e5 7. Nb3 Be7 8. Qd2
Ng4 9. Nd5 Nxe3 10. fxe3 Be6 11. O-O-O Nd7 12. Nxe7 Qxe7 13. Qxd6 Qxd6 14. Rxd6
Ke7 15. Rd2 Rhc8 16. Bd3 b5 17. Rhd1 Nb6 18. Na5 Rc7 19. Kb1 Na4 20. c3 Bg4 21.
Rf1 Rd8 22. Rff2 Nb6 23. Bc2 Rxd2 24. Rxd2 Bh5 25. Kc1 Bg6 26. Kd1 Nd7 27. Rd5
f6 28. Kc1 Nc5 29. Nb3 Nxe4 30. Nd2 Nd6 31. Bxg6 hxg6 32. e4 Rc8 33. Kc2 Ke6
34. Rd3 Rh8 35. Rg3 Rxh2 36. Rxg6 Kf7 37. Rg3 Rh1 38. Re3 Ke6 39. Re2 a5 40.
Kd3 Nb7 41. Ke3 Ra1 42. a3 Nd6 43. Kd3 a4 44. c4 Rc1 45. cxb5 Nxb5 46. Nf3 Nd6
47. Re1 Rc4 48. g4 Rc8 49. Nd2 Rb8 50. Rc1 Kd7 51. Nc4 Nf7 52. Rc2 Ng5 53. Nd2
Nh3 54. Ke3 Nf4 55. b3 axb3 56. Rb2 Rh8 57. Rxb3 Rh2 58. Rb2 Ne6 59. Nc4 Rh3+
60. Kf2 Nc5 61. Kg2 Rc3 62. Rb4 Kc7 63. g5 Nd3 64. gxf6 gxf6 65. Ra4 Kc6 66.
Nd2 Nc5 67. Rc4 Rxc4 68. Nxc4 Nxe4 69. Kf3 Nc3 70. Ke3 Kc5 71. Kd3 Nd5 72. Nd2
f5 73. a4 Nb4+ 74. Kc3 Na6 75. Nc4 e4 76. Ne3 f4 77. Ng2 f3 78. Ne3 Nb4 79. Kd2
Nd5 80. Nf5 Kb4 81. Ke1 Kc3 82. a5 Kd3 83. Kf2 Nc3 84. a6 Nb5 85. Nh4 Nd4 86.
Nxf3 e3+ 87. Kg2 Nxf3 1/2-1/2

[Event "EU-ch (Men) 11th"]
[Site "Rijeka"]
[Date "2010.03.08"]
[Round "3.52"]
[White "Oleksienko, Michailo"]
[Black "L'Ami, Erwin"]
[Result "1/2-1/2"]
[WhiteElo "2525"]
[BlackElo "2628"]
[PlyCount "94"]
[EventDate "2010.03.06"]
[EventType "swiss"]
[EventRounds "11"]
[EventCountry "CRO"]
[SourceDate "2010.03.06"]

1. d4 Nf6 2. c4 g6 3. Nc3 d5 4. cxd5 Nxd5 5. Bd2 Nb6 6. Bg5 Bg7 7. Nf3 c5 8.
dxc5 Bxc3+ 9. bxc3 Qxd1+ 10. Rxd1 Na4 11. Be3 Nd7 12. g3 Ndxc5 13. Nd4 Bd7 14.
Bg2 Rc8 15. Rc1 e5 16. Nb3 b6 17. Nxc5 Nxc5 18. Bh6 Rg8 19. Bg5 Be6 20. O-O Nd7
21. a4 f6 22. Be3 Nc5 23. f4 Rg7 24. fxe5 fxe5 25. Bg5 Rf7 26. Rxf7 Kxf7 27.
Ra1 Nd7 28. Ra3 a5 29. Be3 Ke7 30. Kf2 Kd6 31. Be4 Nf6 32. Bf3 Nd7 33. Be4 Bd5
34. Bd3 Bc4 35. Ke1 Kd5 36. Kd2 Nc5 37. Bxc5 Kxc5 38. Ra1 Re8 39. Rb1 Re6 40.
Ke3 e4 41. Bc2 b5 42. axb5 Bxb5 43. Ra1 a4 44. Ra2 Ra6 45. Ra3 Ra7 46. Kxe4
Re7+ 47. Kf4 Rxe2 1/2-1/2

[Event "EU-ch (Men) 11th"]
[Site "Rijeka"]
[Date "2010.03.08"]
[Round "3.53"]
[White "Janssen, Ruud"]
[Black "Delchev, Aleksander"]
[Result "0-1"]
[WhiteElo "2516"]
[BlackElo "2625"]
[PlyCount "110"]
[EventDate "2010.03.06"]
[EventType "swiss"]
[EventRounds "11"]
[EventCountry "CRO"]
[SourceDate "2010.03.06"]

1. c4 Nf6 2. Nc3 e6 3. e4 d5 4. e5 d4 5. exf6 dxc3 6. bxc3 Qxf6 7. Nf3 e5 8.
Bd3 Na6 9. O-O Bd6 10. Re1 O-O 11. Qc2 Kh8 12. Be4 Nc5 13. d4 Nxe4 14. dxe5
Bxe5 15. Nxe5 Qxe5 16. Rxe4 Qf5 17. Qe2 Bd7 18. Ba3 Rfe8 19. Be7 Qg6 20. Re3
Bg4 21. Qb2 Qb6 22. Qb5 Qxb5 23. cxb5 a6 24. bxa6 Rxa6 25. h3 Be6 26. Rd3 Raa8
27. Bg5 b5 28. a3 c5 29. Be3 Rec8 30. Rad1 Bb3 31. Re1 Bc4 32. Rd6 Rxa3 33.
Red1 h5 34. Rd8+ Rxd8 35. Rxd8+ Kh7 36. Bxc5 Rxc3 37. Rb8 Be2 38. Be7 Rc7 39.
Bd8 Rd7 40. h4 Rd1+ 41. Kh2 Rd4 42. f3 f6 43. Kg3 Bf1 44. Ba5 Ra4 45. Bd2 Ra2
46. Rd8 Kg6 47. Kf2 Bc4 48. Ke3 Ra7 49. Rd4 Kf5 50. g4+ Kg6 51. Kf4 Be6 52. Rd6
Bc8 53. gxh5+ Kxh5 54. Rd5+ Kxh4 55. Rxb5 Re7 0-1

[Event "EU-ch (Men) 11th"]
[Site "Rijeka"]
[Date "2010.03.08"]
[Round "3.54"]
[White "Ter Sahakyan, Samvel"]
[Black "Tregubov, Pavel V"]
[Result "1/2-1/2"]
[WhiteElo "2513"]
[BlackElo "2625"]
[PlyCount "108"]
[EventDate "2010.03.06"]
[EventType "swiss"]
[EventRounds "11"]
[EventCountry "CRO"]
[SourceDate "2010.03.06"]

1. e4 c5 2. Nf3 Nc6 3. d4 cxd4 4. Nxd4 g6 5. Nc3 Bg7 6. Be3 Nf6 7. Bc4 O-O 8.
Bb3 d6 9. f3 Bd7 10. Qd2 Nxd4 11. Bxd4 b5 12. h4 a5 13. a4 bxa4 14. Nxa4 Be6
15. Bxe6 fxe6 16. h5 Nxh5 17. Bxg7 Kxg7 18. O-O-O Qe8 19. Nb6 Rb8 20. Qxa5 Qc6
21. Na4 e5 22. Nc3 Nf4 23. Qa7 Rb7 24. Qe3 Rfb8 25. g3 Nh5 26. b3 Rc8 27. Rd3
Qa6 28. Kd2 Qa5 29. b4 Rxb4 30. Rxh5 gxh5 31. Qg5+ Kh8 32. Qxe7 Qd8 33. Qxd6
Qxd6 34. Rxd6 Rbc4 35. Rd3 R4c7 36. Re3 Kg7 37. Rd3 Kf7 38. Re3 Ke6 39. Rd3 Rc6
40. Re3 Kf7 41. Rd3 Kg6 42. Nd5 Rxc2+ 43. Ke3 Rb8 44. f4 exf4+ 45. Nxf4+ Kf6
46. Nxh5+ Ke7 47. Ra3 Rcb2 48. Ra6 R8b6 49. Ra7+ Rb7 50. Ra6 R2b6 51. Ra8 Kf7
52. Kf3 Rb3+ 53. Kf4 R3b4 54. g4 Rb8 1/2-1/2